Hockey Hall of Famers - Statistics

General Stats
  • This quiz has been taken 452 times
    226 since last reset
  • The average score is 111 of 310
Answer Stats
Year of Induction Answer % Correct
1999 Wayne Gretzky
97%
Bobby Hull
91%
2009 Brett Hull
91%
Maurice Richard
90%
Henri Richard
88%
1997 Mario Lemieux
88%
Patrick Roy
88%
Milt Schmidt
87%
Bobby Orr
84%
Gordie Howe
84%
Mark Howe
83%
Mark Messier
83%
1987 Bobby Clarke
81%
Syd Howe
81%
Teemu Selanne
81%
Guy Lafleur
80%
2018 Martin Brodeur
80%
Steve Yzerman
80%
1984 Phil Esposito
78%
Jari Kurri
77%
Joe Sakic
77%
1991 Mike Bossy
77%
1988 Tony Esposito
77%
Mats Sundin
75%
Alf Smith
74%
Billy Smith
74%
Clint Smith
74%
Hooley Smith
74%
Tommy Smith
74%
Daniel Sedin
71%
Henrik Sedin
71%
Mike Modano
71%
2012 Pavel Bure
71%
Peter Forsberg
71%
2004 Ray Bourque
71%
Jarome Iginla
70%
Nicklas Lidstrom
70%
Paul Coffey
70%
Bryan Trottier
68%
Denis Potvin
68%
Dominik Hasek
67%
1972 Jean Béliveau
67%
Joe Thornton
67%
Larry Robinson
67%
Scott Stevens
67%
2015 Sergei Fedorov
67%
Brian Leetch
65%
2008 Glenn Anderson
65%
Luc Robitaille
65%
2003 Grant Fuhr
64%
1992 Marcel Dionne
64%
2007 Ron Francis
64%
Georges Vézina
62%
Jacques Plante
62%
Tim Horton
62%
Brendan Shanahan
61%
2013 Chris Chelios
59%
Chris Pronger
59%
Joe Nieuwendyk
59%
Lanny McDonald
59%
Stan Mikita
59%
2016 Eric Lindros
58%
Glenn Hall
58%
Joe Hall
58%
Martin St. Louis
58%
Paul Kariya
58%
1983 Ken Dryden
57%
Pat LaFontaine
57%
Pavel Datsyuk
57%
2014 Rob Blake
57%
Roberto Luongo
55%
Scott Niedermayer
55%
Toe Blake
55%
Alexander Mogilny
54%
Denis Savard
54%
Doug Gilmour
54%
2011 Ed Belfour
54%
Terry Sawchuk
54%
Al MacInnis
52%
Borje Salming
52%
Ching Johnson
52%
Dale Hawerchuk
52%
Moose Johnson
52%
Serge Savard
52%
Tom Johnson
52%
Adam Oates
51%
Bernie Parent
51%
Darryl Sittler
51%
Jeremy Roenick
51%
Mike Gartner
51%
Ted Lindsay
51%
Billy Gilmour
49%
Henrik Lundqvist
49%
1981 Johnny Bucyk
49%
Mark Recchi
49%
Red Kelly
49%
1977 Alex Delvecchio
48%
Dave Keon
48%
Eddie Shore
48%
Zdeno Chára
48%
1973 Doug Harvey
46%
Mike Vernon
46%
1961 Syl Apps
46%
2022 Daniel Alfredsson
45%
Gilbert Perreault
45%
Igor Larionov
45%
Bernie Geoffrion
43%
Brad Park
43%
Cam Neely
43%
Peter Stastny
43%
Bob Gainey
42%
2017 Dave Andreychuk
42%
Dickie Moore
42%
1975 George Armstrong
42%
Howie Morenz
42%
1976 Johnny Bower
42%
Shea Weber
42%
1982 Yvan Cournoyer
42%
1971 Busher Jackson
41%
Frank Mahovlich
41%
Clark Gillies
39%
2010 Dino Ciccarelli
39%
Pierre Turgeon
39%
1990 Bill Barber
38%
Doug Wilson
38%
Duncan Keith
38%
Hayley Wickenheiser
38%
Kevin Lowe
38%
Larry Murphy
38%
Phat Wilson
38%
1969 Sid Abel
38%
Steve Shutt
38%
Ted Kennedy
38%
1967 Turk Broda
38%
2002 Bernie Federko
36%
Gordon Roberts
36%
Joe Malone
36%
Phil Housley
36%
Tiny Thompson
36%
1978 Andy Bathgate
35%
Elmer Lach
35%
King Clancy
35%
2023 Tom Barrasso
35%
2001 Viacheslav Fetisov
35%
Angela James
33%
Cyclone Taylor
33%
Emile Bouchard
33%
1985 Gerry Cheevers
33%
2019 Guy Carbonneau
33%
Jacques Lemaire
33%
2000 Joe Mullen
33%
Rod Gilbert
33%
Vladislav Tretiak
33%
Jean Ratelle
32%
2020 Marian Hossa
32%
Michel Goulet
32%
Rogatien Vachon
32%
Sergei Makarov
32%
Sergei Zubov
32%
Art Ross
30%
Pierre Pilote
30%
Shorty Green
30%
Ace Bailey
29%
Bryan Hextall
29%
Dit Clapper
29%
Gump Worsley
29%
1959 Jack Adams
29%
Charlie Conacher
28%
Eddie Giacomin
28%
1993 Guy Lapointe
28%
1994 Lionel Conacher
28%
1998 Roy Conacher
28%
Lester Patrick
26%
Lynn Patrick
26%
Allan Stanley
25%
Barney Stanley
25%
Black Jack Stewart
25%
1996 Bobby Bauer
25%
Cammi Granato
25%
Cy Denneny
25%
George Hainsworth
25%
Nels Stewart
25%
Norm Ullman
25%
Rod Langway
25%
Bill Durnan
23%
Frank Brimsek
23%
Hap Day
23%
1989 Herbie Lewis
23%
1966 Max Bentley
23%
2005 Valeri Kharlamov
23%
1964 Doug Bentley
22%
Frank Nighbor
22%
Woody Dumart
22%
Aurèle Joliat
20%
Newsy Lalonde
20%
Babe Siebert
19%
Earl Siebert
19%
George Richardson
19%
Harry E. Watson
19%
1979 Harry Howell
19%
Harry P. Watson
19%
Jack Walker
19%
Mike Grant
19%
1968 Bill Cowley
17%
Herb Gardiner
17%
1945 Hobey Baker
17%
Jacques Laperrière
17%
Joe Primeau
17%
Alexander Yakushev
16%
1950 Allan Davidson
16%
Bill Mosienko
16%
Caroline Ouellette
16%
Geraldine Heaney
16%
1980 Harry Lumley
16%
Vaclav Nedomansky
16%
Babe Pratt
14%
Bill Cook
14%
1960 Buck Boucher
14%
1995 Bun Cook
14%
2006 Dick Duff
14%
Didier Pitre
14%
1958 Frank Boucher
14%
Frank Fredrickson
14%
Jack Marshall
14%
Jimmy Gardner
14%
Kim St. Pierre
14%
Riikka Sallinen
14%
Angela Ruggiero
13%
1970 Babe Dye
13%
Bullet Joe Simpson
13%
Danielle Goyette
13%
George Hay
13%
Jack Laviolette
13%
Marcel Pronovost
13%
1965 Marty Barry
13%
Marty Walsh
13%
Red Horner
13%
Rusty Crawford
13%
Tommy Phillips
13%
1974 Billy Burch
12%
Blair Russel
12%
Bob Pulford
12%
Charlie Gardiner
12%
Clint Benedict
12%
Cooney Weiland
12%
Dick Irvin
12%
1963 Ebbie Goodfellow
12%
Harvey Pulford
12%
Roy Worters
12%
Sprague Cleghorn
12%
Steamer Maxwell
12%
Sylvio Mantha
12%
Tommy Dunderdale
12%
Alec Connell
10%
Art Coulter
10%
Bert Olmstead
10%
Bill Gadsby
10%
Bill Quackenbush
10%
Chuck Rayner
10%
Eddie Gerard
10%
Edgar Laprade
10%
Ernie Russell
10%
Fernie Flaman
10%
Jayna Hefford
10%
Ken Reardon
10%
1986 Leo Boivin
10%
Mickey MacKay
10%
2024 Natalie Darwitz
10%
Oliver Seibert
10%
1962 Punch Broadbent
10%
Rat Westwick
10%
Red Dutton
10%
Arthur Farrell
9%
Billy McGimsie
9%
Bouse Hutton
9%
Brianna Decker
9%
Bruce Stuart
9%
Buddy O'Connor
9%
1949 Dan Bain
9%
1952 Dickie Boon
9%
Duke Keats
9%
Frank Foyston
9%
Frank McGee
9%
Frederick Whitcroft
9%
Fred Scanlan
9%
George McNamara
9%
Gordie Drillon
9%
Graham Drinkwater
9%
Hap Holmes
9%
Harry Cameron
9%
Harry Hyland
9%
Harry Oliver
9%
Harry Trihey
9%
Hod Stuart
9%
Hughie Lehman
9%
Jack Darragh
9%
Jack Ruttan
9%
2025 Jennifer Botterill
9%
Krissy Wendell-Pohl
9%
Moose Goheen
9%
Neil Colville
9%
Paddy Moran
9%
Percy LeSueur
9%
Rank Rankin
9%
Reg Noble
9%
Riley Hern
9%
1947 Russell Bowie
9%
Silas Griffis
9%
Tom Hooper
9%
Sweeney Schriner
7%
No matching quizzes found
Score Distribution
Percent of People with Each Score
Percentile by Number Answered
Your Score History
You have not taken this quiz since the last reset